| 000 | 00461nam a2200157Ia 4500 | ||
|---|---|---|---|
| 003 | SGT | ||
| 020 | _a9788190691925 | ||
| 082 |
_a629.83 _bSAE |
||
| 100 | _aSaeed,S. Hasan | ||
| 245 | _aAutomatic control systems | ||
| 260 |
_bS.K. Kataria & SONS _aN.Delhi _c2012 |
||
| 300 | _a663p. | ||
| 650 | _aMECHANICAL ENGINEERING | ||
| 653 | _aINPUT-OUTPUT RELATIONSHIP,TIME DOMAIN ANALYSIS,ERROR ANALYSIS,FREQUENCY DOMAIN ANALYSIS,STABILITY THEORY | ||
| 942 |
_2ddc _cBK _04 |
||
| 999 |
_c5472 _d5472 |
||